Govt. of
Madhya Pradesh

Girish Karnad's Plays (Record no. 14487)

MARC details
000 -LEADER
fixed length control field 005110000a22001930004500
001 - CONTROL NUMBER
control field 002578
003 - CONTROL NUMBER IDENTIFIER
control field MACL
005 - DATE AND TIME OF LATEST TRANSACTION
control field 20150910153307.0
008 - FIXED-LENGTH DATA ELEMENTS--GENERAL INFORMATION
fixed length control field 150910b xxu||||| |||| 00| 0 eng d
040 ## - CATALOGING SOURCE
Original cataloging agency MACL
Transcribing agency MACL
041 ## - LANGUAGE CODE
Language code of text/sound track or separate title English
082 ## - DEWEY DECIMAL CLASSIFICATION NUMBER
Classification number 822/MUK
100 ## - MAIN ENTRY--PERSONAL NAME
Personal name Mukherjee, Tutun
9 (RLIN) 9958
245 ## - TITLE STATEMENT
Title Girish Karnad's Plays
Remainder of title Performance and Critical Perspectives
Statement of responsibility, etc. Tutun Mukherjee
260 ## - PUBLICATION, DISTRIBUTION, ETC. (IMPRINT)
Place of publication, distribution, etc. Delhi
Date of publication, distribution, etc. 2006
Name of publisher, distributor, etc. Pencraft International,
350 ## - PRICE (NR) (BK AM CF MU VM SE) [OBSOLETE]
Price 695
650 ## - SUBJECT ADDED ENTRY--TOPICAL TERM
Topical term or geographic name as entry element Drama
9 (RLIN) 9959
942 ## - ADDED ENTRY ELEMENTS (KOHA)
Call number prefix 822
Koha item type Books
Source of classification or shelving scheme
Holdings
Withdrawn status Lost status Source of classification or shelving scheme Damaged status Not for loan Home library Current library Date acquired Cost, normal purchase price Total Checkouts Full call number Barcode Date last seen Uniform Resource Identifier Price effective from Koha item type
          MACL MACL 10/09/2015 695.00   822/MUK CRE019131 02/05/2024 14373 15/04/2015 Books